<?xml version="1.0" encoding="UTF-8"?>
<record
    xmlns:xsi="http://www.w3.org/2001/XMLSchema-instance"
    xsi:schemaLocation="http://www.loc.gov/MARC21/slim http://www.loc.gov/standards/marcxml/schema/MARC21slim.xsd"
    xmlns="http://www.loc.gov/MARC21/slim">

  <leader>00931naa a22001577a 4500</leader>
  <controlfield tag="001">10343</controlfield>
  <controlfield tag="003">KOSZ 005</controlfield>
  <controlfield tag="005">20180430124456.0</controlfield>
  <controlfield tag="008">180420s2009    pl ||||| |||| 00| 0 pol d</controlfield>
  <datafield tag="040" ind1=" " ind2=" ">
    <subfield code="c">KOSZ 005/HR</subfield>
    <subfield code="d">KOSZ 005/HR</subfield>
  </datafield>
  <datafield tag="100" ind1="1" ind2=" ">
    <subfield code="a">HEESE, Tomasz.</subfield>
    <subfield code="d">1996 -.</subfield>
    <subfield code="b">Politechnika Koszali&#x144;ska - Wydzia&#x142; Budownictwa i In&#x17C;ynierii &#x15A;rodowiska,</subfield>
    <subfield code="c">Katedra Biologii &#x15A;rodowiskowej</subfield>
  </datafield>
  <datafield tag="245" ind1="1" ind2="0">
    <subfield code="a">Mo&#x17C;liwo&#x15B;ci retencji zwi&#x105;zk&#xF3;w biogennych na przyk&#x142;adzie renaturyzowanego dolnego odcinka rzeki Pysznicy (dorzecze Pars&#x119;ty, Polska P&#xF3;&#x142;nocna) /</subfield>
    <subfield code="c">Tomasz Heese, Damian Bakaj, Magdalena Kaczorkiewicz.</subfield>
  </datafield>
  <datafield tag="700" ind1="1" ind2=" ">
    <subfield code="a">SZEL&#x104;GOWSKA, Magdalena.</subfield>
    <subfield code="b">Politechnika Koszali&#x144;ska - Wydzia&#x142; Budownictwa i In&#x17C;ynierii &#x15A;rodowiska,</subfield>
    <subfield code="c">Katedra Biologii &#x15A;rodowiskowej</subfield>
  </datafield>
  <datafield tag="773" ind1="0" ind2=" ">
    <subfield code="i">W :</subfield>
    <subfield code="t">Nauka. Przyroda. Technologie. -</subfield>
    <subfield code="d">Pozna&#x144; : Wydaw. Akademii Rolniczej im. Augusta Cieszkowskiego. -</subfield>
    <subfield code="g">2009. T. 3, Z. 3, s.1-11</subfield>
    <subfield code="x">1897-7820 </subfield>
  </datafield>
  <datafield tag="942" ind1=" " ind2=" ">
    <subfield code="c">ART</subfield>
    <subfield code="2">UKD</subfield>
  </datafield>
  <datafield tag="999" ind1=" " ind2=" ">
    <subfield code="c">10343</subfield>
    <subfield code="d">10343</subfield>
  </datafield>
</record>
